| 000 | nam a22 7a 4500 | ||
|---|---|---|---|
| 999 |
_c16094 _d16094 |
||
| 008 | 161108b xxu||||| |||| 00| 0 eng d | ||
| 020 | _a9780780806733 | ||
| 050 | _aREF RA 778 .W7543 2004. | ||
| 100 |
_aSutton, Amy L. _d2004. |
||
| 245 |
_aWomen's health concerns sourcebook : _bbasic consumer health information about the medical and mental concerns of women, including maintaining health and wellness, gynecological concerns, breast health .../ _cAmy L Sutton |
||
| 250 | _a2nd ed | ||
| 260 |
_aDetroit, MI : _bOmnigraphics, _c2004. |
||
| 300 |
_axx, 748 pages ; _c24cm. |
||
| 521 | _aIncludes index. | ||
| 650 | _aWomen -- Health and hygiene. | ||
| 650 | _aWomen -- Diseases. | ||
| 942 |
_2lcc _cBOOKS _hREF RA 778 .W7543 2004. |
||